[Event "Bad Wiessee Senioren Cup 8th"]
[Site "Bad Wiessee"]
[Date "2019.05.18"]
[Round "8"]
[White "Lehnhoff, Heinz Georg"]
[Black "Graw, Rolf"]
[Result "1-0"]
[WhiteElo "1949"]
[BlackElo "1757"]
[PlyCount "103"]
[EventDate "2019.05.11"]
[EventType "swiss"]
[EventRounds "9"]
[EventCountry "GER"]
[SourceTitle "EXT 2020"]
[Source "ChessBase"]
[SourceDate "2019.10.17"]
[SourceVersion "1"]
[SourceVersionDate "2019.10.17"]
[SourceQuality "1"]

1. d4 d5 2. Nc3 Nf6 3. Bf4 Bf5 4. f3 e6 5. g4 Bg6 6. h4 h5 7. g5 Nfd7 8. Nb5 Na6 9. e3 Nb6 10. Bd3 Bxd3 11. Qxd3 g6 12. Be5 Rg8 13. b3 c6 14. Nc3 Bd6 15. f4 Qc7 16. Nf3 Nd7 17. 0-0 0-0-0 18. a3 Bxe5 19. Nxe5 Nxe5 20. fxe5 Kb8 21. b4 Ka8 22. Rf6 Rd7 23. Kg2 Rc8 24. Raf1 Re8 25. R1f2 Ree7 26. Qf1 Nb8 27. Ne2 a6 28. Nf4 Rd8 29. Nd3 Rg8 30. Rxf7 Rg7 31. Rxg7 Rxg7 32. Nc5 Qe7 33. Rf6 Nd7 34. Rxe6 Qd8 35. Nxd7 Qxd7 36. Qf6 Ka7 37. Rd6 Qg4+ 38. Kf1 Qh3+ 39. Ke2 Qg2+ 40. Kd3 Qe4+ 41. Kd2 Rc7 42. Qf4 Qg2+ 43. Kc3 b6 44. e6 c5 45. dxc5 bxc5 46. Rxa6+ Kxa6 47. Qxc7 d4+ 48. exd4 cxd4+ 49. Kb2 Qe2 50. e7 d3 51. a4 d2 52. b5+ 1-0

[Event "Bad Wiessee Senioren Cup 8th"]
[Site "Bad Wiessee"]
[Date "2019.05.15"]
[Round "5"]
[White "Graw, Rolf"]
[Black "Eschle, Hubert"]
[Result "0-1"]
[WhiteElo "1757"]
[BlackElo "1880"]
[PlyCount "44"]
[EventDate "2019.05.11"]
[EventType "swiss"]
[EventRounds "9"]
[EventCountry "GER"]
[SourceTitle "EXT 2020"]
[Source "ChessBase"]
[SourceDate "2019.10.17"]
[SourceVersion "1"]
[SourceVersionDate "2019.10.17"]
[SourceQuality "1"]

1. b3 Nf6 2. Bb2 c5 3. e3 Nc6 4. Nf3 d6 5. d4 Bf5 6. Bd3 Bg6 7. Nh4 Bh5 8. Be2 cxd4 9. exd4 Bxe2 10. Qxe2 Qa5+ 11. Nd2 d5 12. 0-0 e6 13. Nhf3 Bd6 14. Ne5 Rc8 15. c3 0-0 16. f4 Nxd4 17. cxd4 Rc2 18. Bc1 Ne4 19. Ndc4 Qc3 20. Bd2 Nxd2 21. Ne3 Qxd4 22. Rad1 Nxf1 0-1

[Event "Bad Wiessee Senioren Cup 8th"]
[Site "Bad Wiessee"]
[Date "2019.05.13"]
[Round "3"]
[White "Graw, Rolf"]
[Black "Bumes, Konrad"]
[Result "0-1"]
[WhiteElo "1757"]
[BlackElo "1936"]
[PlyCount "40"]
[EventDate "2019.05.11"]
[EventType "swiss"]
[EventRounds "9"]
[EventCountry "GER"]
[SourceTitle "EXT 2020"]
[Source "ChessBase"]
[SourceDate "2019.10.17"]
[SourceVersion "1"]
[SourceVersionDate "2019.10.17"]
[SourceQuality "1"]

1. d4 d5 2. e3 Bf5 3. Nf3 e6 4. Be2 c5 5. Nfd2 Nc6 6. c3 Nf6 7. 0-0 cxd4 8. exd4 Bd6 9. Nf3 Qc7 10. g3 h5 11. Nh4 Bh3 12. Ng2 h4 13. f4 hxg3 14. hxg3 Ne4 15. Qe1 g5 16. Bd3 f5 17. Rf3 Bxg2 18. Kxg2 Qh7 19. Bxe4 dxe4 20. Rf2 Qh3+ 0-1

[Event "Rheinland-chT Seniors 1617"]
[Site "Germany"]
[Date "2016.11.17"]
[Round "4"]
[White "Graw, Rolf"]
[Black "Schmitz, Hans"]
[Result "0-1"]
[WhiteElo "1569"]
[BlackElo "1804"]
[PlyCount "39"]
[EventDate "2016.10.06"]
[EventType "team-tourn"]
[EventRounds "7"]
[EventCountry "GER"]
[SourceTitle "EXT 2018"]
[Source "ChessBase"]
[SourceDate "2017.10.13"]
[SourceVersion "1"]
[SourceVersionDate "2017.10.13"]
[SourceQuality "1"]

1. d4 Nf6 2. e3 g6 3. Nf3 Bg7 4. c4 d6 5. Bd3 Nbd7 6. 0-0 0-0 7. Nc3 e5 8. b3 Re8 9. dxe5 dxe5 10. Ne4 Qe7 11. a3 c6 12. Qc2 Nxe4 13. Bxe4 f5 14. Bxc6 bxc6 15. c5 Nf6 16. Bb2 Nd5 17. Rad1 Ba6 18. Rfe1 Rad8 19. b4 Kh8 20. Qb3 0-1

[Event "Rheinland-chT Seniors 1617"]
[Site "Germany"]
[Date "2016.11.17"]
[Round "3"]
[White "Wolf, Nikolaus"]
[Black "Graw, Rolf"]
[Result "0-1"]
[WhiteElo "1205"]
[BlackElo "1569"]
[PlyCount "62"]
[EventDate "2016.10.06"]
[EventType "team-tourn"]
[EventRounds "7"]
[EventCountry "GER"]
[SourceTitle "EXT 2018"]
[Source "ChessBase"]
[SourceDate "2017.10.13"]
[SourceVersion "1"]
[SourceVersionDate "2017.10.13"]
[SourceQuality "1"]

1. e4 c6 2. Nf3 d5 3. e5 Bg4 4. d4 e6 5. h3 Bh5 6. b3 Nd7 7. Bd3 Ne7 8. Bd2 Qb6 9. Be3 Bg6 10. Nc3 Nf5 11. Bxf5 Bxf5 12. Na4 Qc7 13. Nh4 Be4 14. Rc1 h6 15. Qe2 Be7 16. Qg4 g5 17. f3 Bh7 18. f4 gxh4 19. Qg7 0-0-0 20. Qxf7 Ba3 21. Kf2 Bxc1 22. Rxc1 Rdf8 23. Qxe6 Bf5 24. Qe7 Qd8 25. Qxd8+ Kxd8 26. c4 dxc4 27. bxc4 Rhg8 28. Nc3 Nb6 29. Ne2 Bd3 30. g4 hxg3+ 31. Nxg3 Nxc4 0-1

[Event "Bayern-ch Seniors op 27th"]
[Site "Bergen"]
[Date "2015.06.15"]
[Round "1"]
[White "Graw, Rolf"]
[Black "Maugg, Ludwig"]
[Result "0-1"]
[WhiteElo "1563"]
[BlackElo "1881"]
[PlyCount "68"]
[EventDate "2015.06.15"]
[EventType "swiss"]
[EventRounds "9"]
[EventCountry "GER"]
[SourceTitle "EXT 2019"]
[Source "ChessBase"]
[SourceDate "2018.10.10"]
[SourceVersion "1"]
[SourceVersionDate "2018.10.10"]
[SourceQuality "1"]

1. d4 Nf6 2. e3 g6 3. Nf3 Bg7 4. Be2 d6 5. h3 Nbd7 6. 0-0 0-0 7. c4 e5 8. Nc3 Re8 9. b4 e4 10. Nd2 c6 11. f3 exf3 12. Nxf3 Nf8 13. c5 d5 14. a4 a6 15. Bd3 Qc7 16. Qe1 Nh5 17. Qf2 f5 18. a5 h6 19. Bd2 Bd7 20. Rfe1 Re7 21. Ne2 g5 22. Nh2 Rf7 23. Rf1 Be6 24. Be1 Re8 25. Ng3 Nxg3 26. Qxg3 f4 27. Qf2 fxe3 28. Qxe3 Bd7 29. Bh7+ Nxh7 30. Qd3 Rxf1+ 31. Nxf1 Qf4 32. Bf2 Bf5 33. Qc3 Re2 34. Qg3 Rxf2 0-1

[Event "Bayern-ch Seniors op 27th"]
[Site "Bergen"]
[Date "2015.06.15"]
[Round "8"]
[White "Reichwald, Klaus Dieter"]
[Black "Graw, Rolf"]
[Result "1/2-1/2"]
[WhiteElo "1743"]
[BlackElo "1563"]
[PlyCount "105"]
[EventDate "2015.06.15"]
[EventType "swiss"]
[EventRounds "9"]
[EventCountry "GER"]
[SourceTitle "EXT 2019"]
[Source "ChessBase"]
[SourceDate "2018.10.10"]
[SourceVersion "1"]
[SourceVersionDate "2018.10.10"]
[SourceQuality "1"]

1. e4 c6 2. d4 d5 3. Nc3 dxe4 4. Nxe4 Nd7 5. Nf3 Ngf6 6. Nxf6+ Nxf6 7. Be2 Bg4 8. 0-0 e6 9. c3 Be7 10. Ne5 Bxe2 11. Qxe2 0-0 12. Be3 Qc7 13. Rae1 Rae8 14. Bf4 Bd6 15. Bg3 Nd7 16. f4 c5 17. Kh1 Rc8 18. Nc4 Rce8 19. Nxd6 Qxd6 20. f5 Qc6 21. Qf2 b6 22. Bh4 f6 23. fxe6 Rxe6 24. Rxe6 Qxe6 25. Re1 Qd5 26. b3 cxd4 27. cxd4 Rf7 28. Qe3 Nf8 29. Bf2 Rd7 30. Qc3 Rd8 31. Qc7 Qd7 32. Qc4+ Qd5 33. Re7 Qxc4 34. bxc4 Rd7 35. Re8 Kf7 36. Ra8 Ne6 37. h3 Kg6 38. c5 Nxd4 39. cxb6 axb6 40. Rb8 Ne2 41. Bxb6 Nc3 42. a3 Rd6 43. Bc5 Ra6 44. Bb4 Nb1 45. Bf8 Nxa3 46. Rb7 h5 47. Rxg7+ Kf5 48. Rg3 Nc4 49. Rf3+ Kg6 50. Rc3 Ne5 51. Kh2 Kf5 52. Ra3 Rxa3 53. Bxa3 1/2-1/2

[Event "Bayern-ch Seniors op 27th"]
[Site "Bergen"]
[Date "2015.06.15"]
[Round "6"]
[White "Schiessl, Hanns"]
[Black "Graw, Rolf"]
[Result "1-0"]
[WhiteElo "1423"]
[BlackElo "1563"]
[PlyCount "49"]
[EventDate "2015.06.15"]
[EventType "swiss"]
[EventRounds "9"]
[EventCountry "GER"]
[SourceTitle "EXT 2019"]
[Source "ChessBase"]
[SourceDate "2018.10.10"]
[SourceVersion "1"]
[SourceVersionDate "2018.10.10"]
[SourceQuality "1"]

1. e4 e5 2. Nf3 Nc6 3. Bb5 Bc5 4. c3 f6 5. Bxc6 dxc6 6. d4 exd4 7. cxd4 Bb6 8. 0-0 Bg4 9. Qd3 Bxf3 10. Qxf3 Bxd4 11. Rd1 c5 12. Nc3 Qd7 13. Bf4 0-0-0 14. Nd5 Ne7 15. Bxc7 Rde8 16. Bf4 Nxd5 17. exd5 Rd8 18. d6 Rhe8 19. Rac1 Qe6 20. h3 Rxd6 21. Bxd6 Qxd6 22. b4 Re5 23. Qg4+ Kd8 24. bxc5 Rxc5 25. Qxd4 1-0

[Event "GER-chB Seniors 26th"]
[Site "Bad Neuenahr"]
[Date "2014.08.13"]
[Round "9"]
[White "Wawrinsky, Ludwig"]
[Black "Graw, Rolf"]
[Result "1/2-1/2"]
[WhiteElo "1830"]
[BlackElo "1808"]
[PlyCount "55"]
[EventDate "2014.08.05"]
[EventType "swiss"]
[EventRounds "9"]
[EventCountry "GER"]
[SourceTitle "EXT 2018"]
[Source "ChessBase"]
[SourceDate "2017.10.13"]
[SourceVersion "1"]
[SourceVersionDate "2017.10.13"]
[SourceQuality "1"]

1. e4 c6 2. d3 d5 3. Nc3 dxe4 4. Nxe4 Nd7 5. Nf3 Ngf6 6. Ng3 g6 7. Be2 Bg7 8. 0-0 Nb6 9. c3 0-0 10. Re1 Bg4 11. h3 Bxf3 12. Bxf3 e6 13. Qc2 Qc7 14. b3 Rad8 15. Bb2 Nbd5 16. Rec1 Rd7 17. Ne4 Rfd8 18. Nc5 Re7 19. d4 Ree8 20. g3 Nd7 21. Nd3 Re7 22. Bg2 b6 23. Qe2 a5 24. a4 c5 25. dxc5 Nxc5 26. Nxc5 Qxc5 27. c4 Bxb2 28. Qxb2 1/2-1/2

[Event "GER-chB Seniors 26th"]
[Site "Bad Neuenahr"]
[Date "2014.08.07"]
[Round "3"]
[White "Knobling, Rolf"]
[Black "Graw, Rolf"]
[Result "0-1"]
[WhiteElo "1632"]
[BlackElo "1808"]
[PlyCount "62"]
[EventDate "2014.08.05"]
[EventType "swiss"]
[EventRounds "9"]
[EventCountry "GER"]
[SourceTitle "EXT 2018"]
[Source "ChessBase"]
[SourceDate "2017.10.13"]
[SourceVersion "1"]
[SourceVersionDate "2017.10.13"]
[SourceQuality "1"]

1. e4 c6 2. d4 d5 3. Nc3 dxe4 4. Nxe4 Nf6 5. Ng3 e5 6. Be3 Ng4 7. Be2 Nxe3 8. fxe3 exd4 9. exd4 Be6 10. Nf3 g6 11. 0-0 Bg7 12. c3 0-0 13. Qd2 Nd7 14. Ne4 Bd5 15. Ng3 Nf6 16. c4 Ne4 17. Nxe4 Bxe4 18. Rad1 Qd7 19. Qe3 Rfe8 20. Qf2 Rad8 21. Ne5 Qe6 22. Qxf7+ Qxf7 23. Rxf7 Bxe5 24. Rxb7 Rxd4 25. Rf1 Rf8 26. Rxf8+ Kxf8 27. Rxa7 Rd2 28. Ra8+ Kg7 29. Kf1 Rxb2 30. Ra7+ Kh6 31. g3 Bd4 0-1

[Event "Sachsen-Anhalt-ch Seniors 22nd"]
[Site "Halberstadt"]
[Date "2014.05.31"]
[Round "7"]
[White "Gottschalk, Juergen"]
[Black "Graw, Rolf"]
[Result "0-1"]
[WhiteElo "1353"]
[BlackElo "1613"]
[PlyCount "50"]
[EventDate "2014.05.25"]
[EventType "swiss"]
[EventRounds "7"]
[EventCountry "GER"]
[SourceTitle "EXT 2018"]
[Source "ChessBase"]
[SourceDate "2017.10.13"]
[SourceVersion "1"]
[SourceVersionDate "2017.10.13"]
[SourceQuality "1"]

1. e4 c6 2. d4 d5 3. e5 Bf5 4. f4 e6 5. Nf3 Ne7 6. Nc3 Nd7 7. a3 a6 8. b4 Ng6 9. Be2 Be7 10. g3 0-0 11. Be3 Qc7 12. Qd2 Rfc8 13. 0-0 b6 14. Na4 c5 15. bxc5 bxc5 16. c3 cxd4 17. Bxd4 Qa5 18. Bd1 Nc5 19. Nxc5 Bxc5 20. a4 Ne7 21. Bc2 Bxc2 22. Bxc5 Qxc5+ 23. Nd4 Be4 24. Rac1 Rab8 25. Kf2 Rb3 0-1

[Event "Sachsen-Anhalt-ch Seniors 22nd"]
[Site "Halberstadt"]
[Date "2014.05.26"]
[Round "2"]
[White "Graw, Rolf"]
[Black "Petzold, Hans"]
[Result "0-1"]
[WhiteElo "1613"]
[BlackElo "1951"]
[PlyCount "66"]
[EventDate "2014.05.25"]
[EventType "swiss"]
[EventRounds "7"]
[EventCountry "GER"]
[SourceTitle "EXT 2018"]
[Source "ChessBase"]
[SourceDate "2017.10.13"]
[SourceVersion "1"]
[SourceVersionDate "2017.10.13"]
[SourceQuality "1"]

1. d4 e6 2. e3 f5 3. f4 Nf6 4. Nf3 b6 5. Bd3 Ba6 6. 0-0 Be7 7. Qe2 Qc8 8. Bd2 c5 9. c3 Bxd3 10. Qxd3 c4 11. Qe2 0-0 12. Be1 Ne4 13. Bh4 Bxh4 14. Nxh4 d5 15. Nd2 Nxd2 16. Qxd2 Nd7 17. Nf3 Nf6 18. Ne5 b5 19. Rf3 a5 20. a3 Qb7 21. Rff1 Ne4 22. Qc2 b4 23. Rfb1 Rfb8 24. g3 Ra6 25. Qa4 Nd2 26. Rd1 bxc3 27. bxc3 Qb2 28. Rac1 Nb3 29. Rb1 Qxc3 30. Re1 Rd6 31. Nd7 Rd8 32. Nc5 Rb6 33. Re2 Nxd4 0-1

[Event "GER-ch Seniors"]
[Site "Dresden"]
[Date "2012.08.10"]
[Round "2"]
[White "Graw, Rolf"]
[Black "Loesche, Heinz"]
[Result "1-0"]
[WhiteElo "1814"]
[BlackElo "1937"]
[PlyCount "108"]
[EventDate "2012.08.09"]
[EventType "swiss"]
[EventRounds "9"]
[EventCountry "GER"]
[SourceTitle "EXT 2014"]
[Source "ChessBase"]
[SourceDate "2013.11.20"]
[SourceVersion "1"]
[SourceVersionDate "2013.11.20"]
[SourceQuality "1"]

1. f4 d5 2. e3 Nf6 3. Nf3 Bg4 4. b3 e6 5. Bb2 Bd6 6. Be2 0-0 7. 0-0 c5 8. Ne5 Bxe2 9. Qxe2 Qc7 10. d3 Nbd7 11. Nxd7 Nxd7 12. Nd2 Rfe8 13. Qg4 e5 14. Rf3 Nf6 15. Qh4 Qd7 16. Rg3 Kh8 17. Qg5 Bf8 18. fxe5 h6 19. Qh4 Nh7 20. Rf1 Re6 21. Qf4 Kg8 22. h4 Rc8 23. Rgf3 Rc7 24. Qg4 Rg6 25. Qxd7 Rxd7 26. Rf4 Re6 27. R1f3 g6 28. Rg3 Bg7 29. Nf3 Rde7 30. d4 b6 31. Ba3 Rc7 32. c4 dxc4 33. d5 Re8 34. bxc4 Bxe5 35. Nxe5 Rxe5 36. Bb2 Re8 37. e4 Nf8 38. Rgf3 Rce7 39. e5 Rb7 40. a4 a6 41. Rb3 Nd7 42. Re4 Nf8 43. Ba3 Reb8 44. e6 fxe6 45. dxe6 Re8 46. Bxc5 Rxe6 47. Rxe6 Nxe6 48. Bxb6 Nd4 49. Rb2 Ne6 50. a5 Nc5 51. Rd2 Nb3 52. Rd6 Kf7 53. c5 Nc1 54. c6 Re7 1-0

[Event "SVR-ch Seniors 35th"]
[Site "Nickenich"]
[Date "2012.04.05"]
[Round "4"]
[White "Graw, Rolf"]
[Black "Wieteck, Helmut"]
[Result "1/2-1/2"]
[WhiteElo "1607"]
[BlackElo "1701"]
[PlyCount "114"]
[EventDate "2012.03.30"]
[EventType "swiss"]
[EventRounds "7"]
[EventCountry "GER"]
[SourceTitle "EXT 2013"]
[Source "ChessBase"]
[SourceDate "2012.11.22"]
[SourceVersion "1"]
[SourceVersionDate "2012.11.22"]
[SourceQuality "1"]

1. f4 e5 2. fxe5 d6 3. Nf3 Nc6 4. e4 Nxe5 5. Nc3 Nf6 6. Nxe5 dxe5 7. Be2 Bc5 8. d3 h6 9. Na4 Qd6 10. Nxc5 Qxc5 11. Qd2 Be6 12. b3 0-0-0 13. Bf3 Nd7 14. Bb2 f6 15. 0-0-0 Nb8 16. Rhf1 Nc6 17. Qf2 Qa5 18. Kb1 Rd7 19. Qd2 Qb6 20. Qf2 Qa5 21. Be2 Nd4 22. c3 Nxe2 23. Qxe2 Rhd8 24. c4 Qb6 25. Kc2 a5 26. a4 Rd6 27. Qf2 Qa6 28. Rd2 Rc6 29. h3 b5 30. axb5 Qxb5 31. Ra1 Kb7 32. Bc3 Qb6 33. Rxa5 Qxf2 34. Rxf2 Rdd6 35. Rf1 Ra6 36. Rfa1 Rxa5 37. Rxa5 Ra6 38. b4 c6 39. Kb3 g6 40. Rxa6 Kxa6 41. d4 exd4 42. Bxd4 f5 43. exf5 Bxf5 44. h4 h5 45. g3 Be6 46. Kc3 Bf5 47. Be3 Be6 48. Kd4 Kb7 49. Kc5 Bf5 50. b5 cxb5 51. cxb5 Be4 52. Kd6 Bf5 53. Ke5 Bd3 54. b6 Bf5 55. Kf6 Bd3 56. Bd4 Bf5 57. Kg5 Bd3 1/2-1/2

[Event "SVR-ch Seniors 35th"]
[Site "Nickenich"]
[Date "2012.04.01"]
[Round "3"]
[White "Graw, Rolf"]
[Black "Gatzmanga, Werner"]
[Result "1-0"]
[WhiteElo "1607"]
[BlackElo "939"]
[PlyCount "77"]
[EventDate "2012.03.30"]
[EventType "swiss"]
[EventRounds "7"]
[EventCountry "GER"]
[SourceTitle "EXT 2013"]
[Source "ChessBase"]
[SourceDate "2012.11.22"]
[SourceVersion "1"]
[SourceVersionDate "2012.11.22"]
[SourceQuality "1"]

1. e4 e6 2. d4 c5 3. d5 e5 4. Nf3 f6 5. Be3 a6 6. c4 d6 7. Bd3 g6 8. 0-0 Bh6 9. Bd2 Bxd2 10. Nbxd2 h5 11. Nh4 Ne7 12. Be2 Rg8 13. f4 f5 14. fxe5 dxe5 15. exf5 Nxf5 16. Nxf5 Bxf5 17. Bxh5 Qd6 18. Rxf5 gxh5 19. Qxh5+ Qg6 20. Qxg6+ Rxg6 21. Rxe5+ Kd8 22. Rae1 Rg8 23. Ne4 Nd7 24. Re6 Rc8 25. Nd6 Rb8 26. Re8+ Rxe8 27. Rxe8+ Kc7 28. Rxb8 Kxb8 29. g4 Kc7 30. Ne4 Nb6 31. b3 Nd7 32. Kf2 b6 33. h4 Ne5 34. h5 Nxg4+ 35. Kg3 Nh6 36. Kf4 a5 37. Kg5 Nf7+ 38. Kf6 Nh6 39. Kg6 1-0

[Event "SVR-ch Seniors 35th"]
[Site "Nickenich"]
[Date "2012.03.30"]
[Round "1"]
[White "Sefeloge, Michael"]
[Black "Graw, Rolf"]
[Result "1-0"]
[WhiteElo "1764"]
[BlackElo "1607"]
[PlyCount "87"]
[EventDate "2012.03.30"]
[EventType "swiss"]
[EventRounds "7"]
[EventCountry "GER"]
[SourceTitle "EXT 2013"]
[Source "ChessBase"]
[SourceDate "2012.11.22"]
[SourceVersion "1"]
[SourceVersionDate "2012.11.22"]
[SourceQuality "1"]

1. d4 f5 2. g3 e6 3. Bg2 Nf6 4. Nf3 Nc6 5. 0-0 b6 6. c4 Bb7 7. Nc3 Na5 8. b3 Be7 9. Bb2 0-0 10. Qc2 d5 11. cxd5 Nxd5 12. a3 Bf6 13. Nxd5 Bxd5 14. b4 Nc4 15. e3 b5 16. Nd2 Bxg2 17. Kxg2 Nxd2 18. Qxd2 Qd5+ 19. Kg1 c6 20. Rac1 Be7 21. Rc2 Rfc8 22. Rfc1 Rc7 23. Qe2 a5 24. Bc3 axb4 25. Bxb4 Bxb4 26. axb4 Ra6 27. Rc5 Qb3 28. e4 Ra2 29. Qe1 fxe4 30. Qxe4 Rf7 31. Rf1 Qxb4 32. Rxc6 Rd2 33. Rc8+ Rf8 34. Qxe6+ Kh8 35. Qf5 Kg8 36. Rfc1 Re2 37. Rxf8+ Qxf8 38. Rc8 Re8 39. Qd5+ Kh8 40. Rxe8 Qxe8 41. Kf1 h6 42. Qe5 Qc6 43. d5 Qd7 44. Qe6 1-0

[Event "GER-ch Seniors 23rd"]
[Site "Halle"]
[Date "2011.08.12"]
[Round "8"]
[White "Graw, Rolf"]
[Black "Dietze, Otto"]
[Result "1-0"]
[WhiteElo "1805"]
[BlackElo "1803"]
[PlyCount "79"]
[EventDate "2011.08.05"]
[EventType "swiss"]
[EventRounds "9"]
[EventCountry "GER"]
[SourceTitle "CBM 144 Extra"]
[Source "ChessBase"]
[SourceDate "2011.10.28"]
[SourceVersion "1"]
[SourceVersionDate "2011.10.28"]
[SourceQuality "1"]

1. e4 c6 2. e5 e6 3. d4 d6 4. Nf3 d5 5. c3 c5 6. Be2 cxd4 7. cxd4 Bb4+ 8. Bd2 Qa5 9. 0-0 Bxd2 10. Nbxd2 a6 11. Bd3 Ne7 12. Ng5 h6 13. Nb3 Qb6 14. Nh3 Nbc6 15. Nf4 Qd8 16. Nh5 b6 17. Nxg7+ Kf8 18. Nh5 Nf5 19. Bxf5 exf5 20. Nf6 Be6 21. Rc1 Ne7 22. Rc3 Ng6 23. Nh5 Ne7 24. f4 Ng6 25. Nf6 Rc8 26. Qc2 Rxc3 27. Qxc3 Qc8 28. Qxc8+ Bxc8 29. Nxd5 b5 30. Nf6 h5 31. Na5 h4 32. d5 Kg7 33. d6 Be6 34. d7 Ra8 35. Nb7 Bxd7 36. Nxd7 Ra7 37. Nbc5 Kh6 38. g3 hxg3 39. hxg3 Rc7 40. Rc1 1-0

[Event "GER-ch Seniors 23rd"]
[Site "Halle"]
[Date "2011.08.06"]
[Round "2"]
[White "Lainburg, Victor"]
[Black "Graw, Rolf"]
[Result "1-0"]
[WhiteElo "2170"]
[BlackElo "1805"]
[PlyCount "67"]
[EventDate "2011.08.05"]
[EventType "swiss"]
[EventRounds "9"]
[EventCountry "GER"]
[SourceTitle "CBM 144 Extra"]
[Source "ChessBase"]
[SourceDate "2011.10.28"]
[SourceVersion "1"]
[SourceVersionDate "2011.10.28"]
[SourceQuality "1"]

1. d4 f5 2. c4 Nf6 3. Nc3 e6 4. Nf3 Bb4 5. Qb3 Bxc3+ 6. Qxc3 0-0 7. Bg5 b6 8. g3 Bb7 9. Bg2 d6 10. c5 Qd7 11. Bxf6 Rxf6 12. Ne5 Qc8 13. c6 Ba6 14. Nf3 Qe8 15. d5 e5 16. e4 Qh5 17. Qe3 Qg4 18. h3 Qxe4 19. Qxe4 fxe4 20. Ng5 Bd3 21. Bxe4 Bxe4 22. Nxe4 Rg6 23. b4 Na6 24. a4 Rf8 25. Ke2 Nb8 26. b5 h5 27. h4 Rf5 28. a5 a6 29. Ra3 Rg4 30. Re3 Kh7 31. Rf1 Rg6 32. Rf3 Rxf3 33. Kxf3 Kh6 34. Ng5 1-0

[Event "SVR-ch Seniors 34th"]
[Site "Reil"]
[Date "2011.04.23"]
[Round "7"]
[White "Kneip, Jakob1111"]
[Black "Graw, Rolf"]
[Result "0-1"]
[WhiteElo "1800"]
[BlackElo "1805"]
[PlyCount "112"]
[EventDate "2011.04.15"]
[EventType "swiss"]
[EventRounds "7"]
[EventCountry "GER"]
[SourceTitle "EXT 2013"]
[Source "ChessBase"]
[SourceDate "2012.11.22"]
[SourceVersion "1"]
[SourceVersionDate "2012.11.22"]
[SourceQuality "1"]

1. e4 c6 2. d4 d5 3. Nc3 dxe4 4. Nxe4 Bf5 5. f3 e6 6. Be3 Bxe4 7. fxe4 Qh4+ 8. Bf2 Qxe4+ 9. Qe2 Qxe2+ 10. Nxe2 Bd6 11. g3 Nf6 12. Bg2 0-0 13. 0-0 Nbd7 14. c4 Ng4 15. h3 Nxf2 16. Rxf2 Rad8 17. a3 Be7 18. Kh2 g6 19. Rd1 Nb6 20. b3 Rd7 21. Ra1 Kg7 22. c5 Nd5 23. Bxd5 Rxd5 24. Raf1 Rd7 25. h4 f5 26. Nf4 Kf7 27. Re1 Re8 28. Rfe2 Bf6 29. Nxe6 Rde7 30. Ng5+ Bxg5 31. Rxe7+ Rxe7 32. Rd1 Be3 33. d5 Bxc5 34. b4 Bb6 35. dxc6 bxc6 36. Rd6 Rc7 37. a4 Ke7 38. Rd1 a5 39. Re1+ Kf7 40. Rb1 axb4 41. Rxb4 Ba5 42. Rc4 c5 43. Kh3 Bb4 44. Rc2 Ra7 45. Ra2 c4 46. g4 fxg4+ 47. Kxg4 c3 48. Kf3 Ba5 49. Ke4 Rd7 50. Rf2+ Kg7 51. h5 Rd2 52. Rf1 c2 53. Rc1 Bb4 54. Ke3 g5 55. Kf3 Ba3 56. Ke3 Bxc1 0-1

[Event "SVR-ch Seniors 34th"]
[Site "Reil"]
[Date "2011.04.21"]
[Round "4"]
[White "Graw, Rolf"]
[Black "Pandorf, Horst"]
[Result "1-0"]
[WhiteElo "1805"]
[BlackElo "1702"]
[PlyCount "53"]
[EventDate "2011.04.15"]
[EventType "swiss"]
[EventRounds "7"]
[EventCountry "GER"]
[SourceTitle "EXT 2013"]
[Source "ChessBase"]
[SourceDate "2012.11.22"]
[SourceVersion "1"]
[SourceVersionDate "2012.11.22"]
[SourceQuality "1"]

1. f4 d5 2. e3 Nf6 3. Nf3 c5 4. b3 Nc6 5. Bb5 Bd7 6. Bb2 e6 7. 0-0 Bd6 8. d3 0-0 9. Nbd2 Re8 10. Bxc6 Bxc6 11. Ne5 Rc8 12. Rf3 Bf8 13. Rg3 b5 14. Ng4 Nxg4 15. Qxg4 d4 16. e4 Bd7 17. Nf3 f5 18. Qh5 Re7 19. Ne5 Be8 20. Qh3 fxe4 21. dxe4 c4 22. Rd1 cxb3 23. cxb3 Rc2 24. Bxd4 Rxa2 25. Ng4 Qc7 26. Nf6+ Kf7 27. Qh5+ 1-0

[Event "GER-ch Seniors 22nd"]
[Site "Berlin"]
[Date "2010.08.23"]
[Round "8"]
[White "Hermann, Armin"]
[Black "Graw, Rolf"]
[Result "1-0"]
[WhiteElo "1477"]
[BlackElo "1695"]
[PlyCount "89"]
[EventDate "2010.08.16"]
[EventType "swiss"]
[EventRounds "9"]
[EventCountry "GER"]
[SourceTitle "CBM 138 Extra"]
[Source "ChessBase"]
[SourceDate "2010.10.29"]
[SourceVersion "1"]
[SourceVersionDate "2010.10.29"]
[SourceQuality "1"]

1. Nf3 f5 2. d4 e6 3. c4 Nf6 4. Nc3 Bb4 5. Bd2 Bxc3 6. Bxc3 0-0 7. e3 b6 8. Bd3 Bb7 9. 0-0 Ne4 10. Qc2 Rf6 11. Be2 Rh6 12. h3 d6 13. Rad1 Qf6 14. Kh2 g5 15. d5 Nxc3 16. Qxc3 e5 17. Ng1 g4 18. f4 Nd7 19. b4 a5 20. a3 Qg7 21. Rb1 Nf6 22. fxe5 g3+ 23. Kh1 Ne4 24. Qe1 Nf2+ 25. Rxf2 gxf2 26. Qxf2 Qxe5 27. Qf4 Qxf4 28. exf4 axb4 29. axb4 Ra2 30. Bd3 Bc8 31. Nf3 Ra3 32. Bf1 Rg6 33. Nd4 Bd7 34. Re1 Kf7 35. Be2 Rh6 36. Nf3 Kf6 37. Bf1 Kf7 38. Ng5+ Kg7 39. Re7+ Kf8 40. Rxd7 Ra7 41. Ne6+ Ke8 42. Rxc7 Rxc7 43. Nxc7+ Kd7 44. Ne6 Rf6 45. Bd3 1-0

[Event "GER-ch Seniors 22nd"]
[Site "Berlin"]
[Date "2010.08.22"]
[Round "7"]
[White "Graw, Rolf"]
[Black "Klein, Alfred"]
[Result "0-1"]
[WhiteElo "1695"]
[BlackElo "1446"]
[PlyCount "70"]
[EventDate "2010.08.16"]
[EventType "swiss"]
[EventRounds "9"]
[EventCountry "GER"]
[SourceTitle "CBM 138 Extra"]
[Source "ChessBase"]
[SourceDate "2010.10.29"]
[SourceVersion "1"]
[SourceVersionDate "2010.10.29"]
[SourceQuality "1"]

1. e4 d5 2. exd5 Qxd5 3. Nc3 Qa5 4. d4 c6 5. Bd2 Qc7 6. Ne4 Bf5 7. Bd3 Bxe4 8. Bxe4 Nf6 9. Bd3 e6 10. Qe2 Bd6 11. Nf3 Nbd7 12. c3 Bf4 13. 0-0-0 0-0-0 14. g3 Bxd2+ 15. Rxd2 Qa5 16. Kb1 h6 17. Ne5 Nxe5 18. dxe5 Nd5 19. Rhd1 Qb6 20. Rc2 Rd7 21. h4 Rhd8 22. Kc1 Qa5 23. Kb1 Qb6 24. Ka1 g6 25. Qf3 Qa5 26. Be2 Qa4 27. Rcd2 b5 28. Kb1 Qa5 29. Rc2 Qa4 30. Rcc1 Kc7 31. Rd3 Nb6 32. Rd6 Rxd6 33. Qxf7+ R6d7 34. Qxe6 Qe4+ 35. Rc2 Rd1+ 0-1